Black beauty / (Record no. 13576)
[ view plain ]
| 000 -LEADER | |
|---|---|
| fixed length control field | 00926nam a22002657a 4500 |
| 003 - CONTROL NUMBER IDENTIFIER | |
| control field | dpl |
| 005 - DATE AND TIME OF LATEST TRANSACTION | |
| control field | 20180716140210.0 |
| 008 - FIXED-LENGTH DATA ELEMENTS--GENERAL INFORMATION | |
| fixed length control field | 080611t xxu||||| |||| 00| 0 eng d |
| 010 ## - LIBRARY OF CONGRESS CONTROL NUMBER | |
| LC control number | B-262654-660 |
| 020 ## - INTERNATIONAL STANDARD BOOK NUMBER | |
| International Standard Book Number | 1405416719 |
| Terms of availability | 295.00 |
| 035 ## - SYSTEM CONTROL NUMBER | |
| System control number | B-262654-660, A-822072 |
| 040 ## - CATALOGING SOURCE | |
| Original cataloging agency | DPL |
| Language of cataloging | EN |
| Transcribing agency | 0 |
| 082 ## - DEWEY DECIMAL CLASSIFICATION NUMBER | |
| Classification number | S |
| 100 ## - MAIN ENTRY--PERSONAL NAME | |
| Personal name | Sewell, Anna |
| 245 ## - TITLE STATEMENT | |
| Title | Black beauty / |
| Statement of responsibility, etc | by Anne Sewell; illustrated by Kate Aldous |
| 260 ## - PUBLICATION, DISTRIBUTION, ETC. (IMPRINT) | |
| Name of publisher, distributor, etc | Parragon Book |
| Date of publication, distribution, etc | 2007 |
| Place of publication, distribution, etc | Bath |
| 260 ## - PUBLICATION, DISTRIBUTION, ETC. (IMPRINT) | |
| Name of publisher, distributor, etc | Parragon Book |
| Date of publication, distribution, etc | 2007 |
| Place of publication, distribution, etc | Bath |
| 270 ## - ADDRESS | |
| Address | Queen Street House, 4, Queen Street |
| City | Bath |
| 270 ## - ADDRESS | |
| Address | Queen Street House, 4, Queen Street |
| City | Bath |
| 300 ## - PHYSICAL DESCRIPTION | |
| Extent | 288p.: |
| Dimensions | 25 cm (Hb) |
| Other physical details | col. ill. |
| 500 ## - GENERAL NOTE | |
| General note | The nursery collection |
| 700 ## - ADDED ENTRY--PERSONAL NAME | |
| Personal name | Aldous, Kate |
| 942 ## - ADDED ENTRY ELEMENTS (KOHA) | |
| Koha item type | English Books |
| Classification part | S |
| Source of classification or shelving scheme | Dewey Decimal Classification |
| Call number suffix | SEW |
| Withdrawn status | Lost status | Damaged status | Not for loan | Collection code | Home library | Current library | Date acquired | Cost, normal purchase price | Total Checkouts | Full call number | Barcode | Date last seen | Copy number | Cost, replacement price | Price effective from | Koha item type | Source of classification or shelving scheme | Total Renewals | Date checked out | Source of acquisition |
|---|---|---|---|---|---|---|---|---|---|---|---|---|---|---|---|---|---|---|---|---|
| Fiction | Central Library | Central Library | 04/07/2008 | 295.00 | 1 | S / SEW | B-262654 | 06/02/2021 | 1 | 295.00 | 15/09/2008 | Children Books | 2 | 28/12/2020 | ||||||
| Fiction | Karol Bagh | Karol Bagh | 04/07/2008 | 295.00 | S / SEW | B-262659 | 15/09/2008 | 1 | 295.00 | 15/09/2008 | Children Books | |||||||||
| Fiction | Patel Nagar | Patel Nagar | 04/07/2008 | 295.00 | S / SEW | B-262655 | 15/09/2008 | 1 | 295.00 | 15/09/2008 | Children Books | |||||||||
| Fiction | Peshwa Road | Peshwa Road | 04/07/2008 | 295.00 | S / SEW | B-262656 | 15/09/2008 | 1 | 295.00 | 15/09/2008 | Children Books | |||||||||
| Fiction | Sarojini Nagar | Sarojini Nagar | 04/07/2008 | 295.00 | 2 | S / SEW | B-262658 | 12/09/2020 | 1 | 295.00 | 15/09/2008 | Children Books | Dewey Decimal Classification | 2 | 20/03/2020 | |||||
| Fiction | Sarojini Nagar | Sarojini Nagar | 04/07/2008 | 295.00 | 2 | S / SEW | B-262657 | 15/12/2023 | 1 | 295.00 | 15/09/2008 | Children Books | 20/11/2023 | |||||||
| Fiction | Shahdara Branch | Shahdara Branch | 12/06/2008 | 295.00 | S / SEW | B-262660 | 15/09/2008 | 1 | 295.00 | 15/09/2008 | Children Books | |||||||||
| Fiction | Vinoba Puri | Vinoba Puri | 09/09/2008 | 295.00 | 22 | S SEW | B-284438 | 20/05/2023 | 1 | 295.00 | 15/09/2008 | Children Books | 6 | 08/05/2023 | Super Book/45019/4.8.08/214/21.7.08/13.8.08 |
